000 00404nam a2200157Ia 4500
003 0STCL
008 150530s9999 xx 000 0 und d
040 _aSTCL
_cSTCL
100 _aBalakrishnan Nair, R.; Balakrishnan, P.
245 _aPolytechnic bhauthikam vol I
260 _bState Institute of Languages
_c1974
546 _aEnglish
942 _2ddc
_cBK
999 _c27245
_d27245
005 20220125170106.0